[Event "Lliga Catalana DH"]
[Site "?"]
[Date "2015.02.07"]
[Round "3.4"]
[White "Dominguez Pons, E."]
[Black "Bofill Mas, A."]
[Result "1/2-1/2"]
[WhiteElo "2402"]
[BlackElo "2437"]
[PlyCount "65"]
[EventDate "2015.??.??"]
[EventType "team"]

1. e4 c5 2. Nf3 e6 3. d4 cxd4 4. Nxd4 Nf6 5. Nc3 d6 6. Bd3 Nc6 7. Be3 Be7 8.
Nb3 d5 9. exd5 Nxd5 10. Nxd5 Qxd5 11. O-O Nb4 12. Qg4 Nxd3 13. Qxg7 Qe5 14. Qg4
h5 15. Qf3 Qf6 16. Qe4 Nb4 17. Bd4 Qh6 18. Bxh8 Qxh8 19. Na5 Rb8 20. a3 Nd5 21.
c4 Nb6 22. b4 Nd7 23. Qe3 a6 24. Rad1 Qg7 25. Qa7 Qe5 26. Rfe1 Qc7 27. Qd4 Bf6
28. Qd3 b6 29. Nb3 Bb7 30. Nd4 Ne5 31. Qh7 Ra8 32. Qg8+ Ke7 33. Qg3 1/2-1/2

[Event "Lliga Catalana DH"]
[Site "?"]
[Date "2015.02.07"]
[Round "3.5"]
[White "Aranaz Murillo, A."]
[Black "Delisau Gil, O."]
[Result "1-0"]
[WhiteElo "2344"]
[BlackElo "2316"]
[PlyCount "55"]
[EventDate "2015.??.??"]
[EventType "team"]

1. Nf3 Nf6 2. c4 g6 3. g3 Bg7 4. Bg2 O-O 5. O-O d6 6. d4 Nc6 7. Nc3 a6 8. d5
Na5 9. b3 c5 10. dxc6 Nxc6 11. Bb2 Bg4 12. Qd2 Qa5 13. Rfd1 Rac8 14. Rac1 Rfd8
15. h3 Bxf3 16. Bxf3 e6 17. Na4 Qxd2 18. Rxd2 Ne8 19. Ba3 Rc7 20. Nb6 Ne5 21.
Bg2 Bf8 22. Rcd1 Nd7 23. Nxd7 Rdxd7 24. e4 Bg7 25. c5 Rc8 26. f4 e5 27. h4 Bf8
28. Bh3 1-0

[Event "Lliga Catalana DH"]
[Site "?"]
[Date "2015.02.07"]
[Round "3.6"]
[White "Castelltort Fernandez, A."]
[Black "Ramirez Garcia, JA."]
[Result "0-1"]
[WhiteElo "2365"]
[BlackElo "2344"]
[PlyCount "140"]
[EventDate "2015.??.??"]
[EventType "team"]

1. b3 d5 2. Bb2 Bg4 3. f3 Bh5 4. Nh3 Nf6 5. Nf4 e6 6. e3 Bg6 7. d4 Bd6 8. Bd3
c5 9. Ne2 Qc7 10. g3 e5 11. Bxg6 hxg6 12. O-O Nc6 13. Nbc3 a6 14. dxc5 Bxc5 15.
Nxd5 Nxd5 16. Qxd5 Bxe3+ 17. Kh1 Qc8 18. f4 Qh3 19. Qg2 Qh5 20. Rad1 exf4 21.
Nxf4 Bxf4 22. gxf4 O-O 23. f5 Rad8 24. Rxd8 Rxd8 25. fxg6 fxg6 26. Qf3 Qxf3+
27. Rxf3 Rd2 28. Rc3 Kh7 29. Rc4 g5 30. b4 Kg6 31. a4 Ne7 32. Rg4 Rxc2 33. Rg2
Rc4 34. b5 Rxa4 35. bxa6 bxa6 36. Bc1 g4 37. h3 Kh5 38. Bb2 Nf5 39. hxg4+ Rxg4
40. Rh2+ Rh4 41. Bc3 g6 42. Be1 Rxh2+ 43. Kxh2 Kg4 44. Kg2 Nd6 45. Bc3 Nc4 46.
Kf2 Kf4 47. Ke2 Ke4 48. Bf6 a5 49. Kd1 Kd3 50. Kc1 Nd6 51. Kb2 Kc4 52. Ka3 Kb5
53. Kb3 a4+ 54. Kb2 Nc4+ 55. Ka2 Kb4 56. Be7+ Kc3 57. Bf6+ Kc2 58. Be7 Kd3 59.
Kb1 Kc3 60. Ka2 Kd4 61. Kb1 Kd3 62. Ka2 Ke4 63. Kb1 Kf5 64. Kc2 g5 65. Bf8 g4
66. Kc3 Ne5 67. Kb4 g3 68. Bh6 Nf3 69. Bf8 Ke4 70. Bc5 Kf4 0-1

[Event "Lliga Catalana DH"]
[Site "?"]
[Date "2015.02.07"]
[Round "3.7"]
[White "Avila Jimenez, X."]
[Black "Subirats Ruiz, S."]
[Result "0-1"]
[WhiteElo "2308"]
[BlackElo "2283"]
[PlyCount "116"]
[EventDate "2015.??.??"]
[EventType "team"]

1. d4 Nf6 2. Bg5 e6 3. Nd2 h6 4. Bh4 b6 5. e4 Bb7 6. Bd3 c5 7. c3 d6 8. f4 Be7
9. Ngf3 O-O 10. O-O cxd4 11. cxd4 Nc6 12. a3 Ng4 13. Bxe7 Qxe7 14. Qe2 Qf6 15.
h3 Nxd4 16. Qe1 Nxf3+ 17. Nxf3 h5 18. hxg4 hxg4 19. Ng5 Qd4+ 20. Kh1 Qxd3 21.
Rd1 Qc4 22. b3 Qc2 23. Rd2 Qc3 24. Qh4 Rfd8 25. Rdf2 Qf6 26. Qxg4 Qh6+ 27. Kg1
Bxe4 28. Nxe4 f5 29. Qe2 fxe4 30. f5 Qf6 31. Qxe4 e5 32. Qd5+ Qf7 33. Qe4 Qf6
34. Qd5+ Kf8 35. Rf3 Rac8 36. Rg3 Qh4 37. Rd3 Rc5 38. Qb7 Qe7 39. Qe4 d5 40.
Qg4 Rc6 41. f6 Rxf6 42. Rxf6+ gxf6 43. Rh3 Qg7 44. Qf5 Rd7 45. Rh4 d4 46. Rg4
Qf7 47. Rh4 Qg7 48. Qh3 Rf7 49. Rh8+ Ke7 50. Qc8 Kd6 51. Rg8 Qh7 52. Qd8+ Kc6
53. Qa8+ Kd6 54. Qb8+ Ke6 55. Qc8+ Rd7 56. Re8+ Kf5 57. Rh8 Qe7 58. Rd8 Qxd8
0-1

[Event "Lliga Catalana DH"]
[Site "?"]
[Date "2015.02.07"]
[Round "3.8"]
[White "Pueyo Burrell, D."]
[Black "Lopez Agustench, E."]
[Result "1-0"]
[WhiteElo "2285"]
[BlackElo "2328"]
[PlyCount "99"]
[EventDate "2015.??.??"]
[EventType "team"]

1. e4 c5 2. Nf3 e6 3. d4 cxd4 4. Nxd4 a6 5. Nc3 Qc7 6. g3 Bb4 7. Bd2 Nc6 8. Nb3
Nf6 9. Bg2 Be7 10. a4 b6 11. f4 d6 12. O-O Bb7 13. Qe2 O-O 14. Be3 Rfe8 15. Bf3
Rab8 16. Rad1 Nd7 17. Rd2 Bc8 18. Qc4 Nc5 19. Rfd1 b5 20. axb5 axb5 21. Qe2 b4
22. e5 dxe5 23. Nb5 Qb6 24. Nd6 Ba6 25. Qf2 Nd4 26. fxe5 Nxf3+ 27. Qxf3 Bxd6
28. Rxd6 Qb5 29. Nxc5 Bb7 30. Nxb7 Rxb7 31. Qc6 Qxc6 32. Rxc6 h6 33. Rb6 Reb8
34. Rdd6 Kh7 35. c4 bxc3 36. bxc3 Rxb6 37. Rxb6 Rc8 38. Bd4 Kg6 39. Kf2 Kf5 40.
Kf3 h5 41. h3 Ra8 42. Rb7 f6 43. Rb6 Re8 44. g4+ hxg4+ 45. hxg4+ Kg6 46. Kf4
Kf7 47. Rb7+ Kg6 48. Rd7 Rc8 49. Rb7 Rd8 50. Re7 1-0

[Event "Lliga Catalana DH"]
[Site "?"]
[Date "2015.02.07"]
[Round "3.9"]
[White "Orteu Capdevila, M."]
[Black "Castellano Egea, E."]
[Result "0-1"]
[WhiteElo "2163"]
[BlackElo "2275"]
[PlyCount "100"]
[EventDate "2015.??.??"]
[EventType "team"]

1. e4 e6 2. d4 d5 3. e5 c5 4. c3 Ne7 5. Nf3 Nd7 6. Bd3 Nc6 7. O-O Qb6 8. Nbd2
cxd4 9. cxd4 Be7 10. Nb3 a5 11. a4 f6 12. Re1 O-O 13. Be3 Nb4 14. Bb5 Qd8 15.
Rc1 f5 16. Qe2 Nb8 17. Nc5 N8c6 18. Qd2 Na7 19. Bf1 b6 20. Nd3 Nxd3 21. Qxd3
Bd7 22. b3 Nc6 23. Bd2 Rc8 24. Qb1 g5 25. h3 Kh8 26. g3 g4 27. hxg4 fxg4 28.
Nh2 Nxd4 29. Rxc8 Bxc8 30. Qd3 Nf3+ 31. Nxf3 Rxf3 32. Be3 Bc5 33. Be2 Rxe3 34.
fxe3 Qg5 35. Bd1 Qxe5 36. Kg2 Bd6 37. e4 Bb7 38. Bxg4 dxe4 39. Qe3 Bd5 40. Bd1
Bc5 41. Qf4 e3+ 42. Kh3 Qxf4 43. gxf4 Kg7 44. Kg4 Kf6 45. Re2 h5+ 46. Kg3 Kf5
47. Bc2+ Be4 48. Bd1 h4+ 49. Kxh4 Kxf4 50. Re1 Bd3 0-1

[Event "Lliga Catalana DH"]
[Site "?"]
[Date "2015.02.07"]
[Round "3.10"]
[White "Travesset Ribera, D."]
[Black "Palomares Fite, J."]
[Result "1-0"]
[WhiteElo "2273"]
[BlackElo "2031"]
[PlyCount "103"]
[EventDate "2015.??.??"]
[EventType "team"]

1. Nf3 b6 2. g3 Bb7 3. Bg2 e5 4. d3 c5 5. c4 Bd6 6. Nc3 Nc6 7. O-O Nf6 8. Bg5
h6 9. Ne4 Qe7 10. Bxf6 gxf6 11. Nh4 Bc7 12. Nf5 Qd8 13. e3 Kf8 14. Qh5 Rb8 15.
Qh4 Nb4 16. Qxf6 Qxf6 17. Nxf6 Bxg2 18. Nxd7+ Ke8 19. Nf6+ Kf8 20. Kxg2 Rd8 21.
Rfd1 Nxd3 22. Rab1 Nxb2 23. Nd7+ Ke8 24. Nf6+ Kf8 25. Rxd8+ Bxd8 26. Nd7+ Ke8
27. Nxe5 Bc7 28. Nxf7 Kxf7 29. Rxb2 Ke6 30. e4 Rd8 31. Rc2 h5 32. Kf3 Be5 33.
Ke3 Rd1 34. f4 Bf6 35. Rd2 Re1+ 36. Kf3 Rc1 37. Rd6+ Kf7 38. e5 Be7 39. Rd7 Ke6
40. Rxe7+ Kxf5 41. Rxa7 Rc3+ 42. Kg2 Rxc4 43. Rf7+ Ke6 44. Rf6+ Kd5 45. Rxb6
Rc2+ 46. Kf3 Rxa2 47. Rd6+ Kc4 48. e6 Ra8 49. f5 Kb3 50. e7 Re8 51. f6 c4 52.
Rd8 1-0

[Event "Lliga Catalana DH"]
[Site "?"]
[Date "2015.02.07"]
[Round "3.1"]
[White "Cuartas Medina, JA."]
[Black "Jerez Perez, A."]
[Result "1/2-1/2"]
[WhiteElo "2541"]
[BlackElo "2466"]
[PlyCount "70"]
[EventDate "2015.??.??"]
[EventType "team"]

1. e4 e6 2. Nf3 d5 3. e5 c5 4. b4 cxb4 5. d4 Nc6 6. a3 Nh6 7. axb4 Bxb4+ 8. c3
Be7 9. Bd3 Nf5 10. h4 h5 11. Ba3 g6 12. Bxf5 exf5 13. Qd2 Be6 14. Bxe7 Qxe7 15.
Na3 Kf8 16. Nb5 Kg7 17. O-O b6 18. Rfb1 Na5 19. Nd6 Rhd8 20. Ng5 Nc4 21. Nxc4
dxc4 22. Rb4 Bd5 23. f3 Rab8 24. Ra6 Rb7 25. Qe1 f6 26. exf6+ Kxf6 27. Qg3 Qd6
28. Qxd6+ Rxd6 29. Nh3 Re7 30. Nf4 Bf7 31. Kf2 Rd8 32. Rba4 Rdd7 33. Rb4 Rd8
34. Rba4 Rdd7 35. Rb4 Rd8 1/2-1/2

[Event "Lliga Catalana DH"]
[Site "?"]
[Date "2015.02.07"]
[Round "3.2"]
[White "Granados Gomez, M."]
[Black "Matnadze, A."]
[Result "1/2-1/2"]
[WhiteElo "2442"]
[BlackElo "2499"]
[PlyCount "107"]
[EventDate "2015.??.??"]
[EventType "team"]

1. c4 Nf6 2. Nc3 e6 3. e3 b6 4. Nf3 Bb7 5. Be2 c5 6. O-O Be7 7. b3 O-O 8. Bb2
d6 9. d4 cxd4 10. Nxd4 a6 11. Bf3 Qc7 12. Bxb7 Qxb7 13. Qf3 Qxf3 14. Nxf3 Nbd7
15. Rfd1 Rfd8 16. Ba3 Nc5 17. Bxc5 bxc5 18. Rd3 Ne8 19. Rad1 Rdb8 20. e4 f6 21.
h4 Nc7 22. Ne1 Kf7 23. f4 h5 24. e5 dxe5 25. fxe5 Rd8 26. Rxd8 Rxd8 27. Rxd8
Bxd8 28. Ne4 Kg6 29. Nd3 fxe5 30. g3 Be7 31. Kg2 Kf5 32. Kf3 Nd5 33. Ndxc5 Nb4
34. Nb7 Nxa2 35. Nbd6+ Bxd6 36. Nxd6+ Kf6 37. c5 Nb4 38. Ke4 Nc6 39. Kd3 Ke7
40. Ke4 Kf6 41. Ne8+ Kf7 42. Nc7 a5 43. Nb5 Kf6 44. Nd6 Nd4 45. Nc4 Nxb3 46. c6
Nc5+ 47. Ke3 Ke7 48. Nxa5 Kd6 49. Kf3 Na6 50. Ke4 Nc5+ 51. Kf3 Na6 52. Ke4 Nc5+
53. Kf3 Na6 54. Ke4 1/2-1/2

[Event "Lliga Catalana DH"]
[Site "?"]
[Date "2015.02.07"]
[Round "3.3"]
[White "Exposito Amaro, J."]
[Black "Torrecillas Martinez, A."]
[Result "1/2-1/2"]
[WhiteElo "2436"]
[BlackElo "2408"]
[PlyCount "63"]
[EventDate "2015.??.??"]
[EventType "team"]

1. e4 d6 2. d4 Nf6 3. Nc3 g6 4. f4 Bg7 5. Nf3 O-O 6. e5 dxe5 7. fxe5 Nd5 8. Bc4
Be6 9. Nxd5 Bxd5 10. Bxd5 Qxd5 11. Qe2 c5 12. c4 Qd7 13. d5 e6 14. d6 Nc6 15.
Bf4 f6 16. O-O-O fxe5 17. Bxe5 Nxe5 18. Nxe5 Qa4 19. Kb1 Rad8 20. Nf3 Rfe8 21.
Rhf1 Rd7 22. h4 Qa6 23. h5 Rxd6 24. hxg6 hxg6 25. Ng5 Red8 26. Qxe6+ Rxe6 27.
Rxd8+ Bf8 28. Rdxf8+ Kg7 29. R8f7+ Kg8 30. Rf8+ Kg7 31. R8f7+ Kg8 32. Rf8+
1/2-1/2

[Event "Lliga Catalana DH"]
[Site "?"]
[Date "2015.02.07"]
[Round "3.4"]
[White "Almeida Toledano, D."]
[Black "Cervello Tost, F."]
[Result "1/2-1/2"]
[WhiteElo "2357"]
[BlackElo "2318"]
[PlyCount "43"]
[EventDate "2015.??.??"]
[EventType "team"]

1. e4 c6 2. d4 d5 3. e5 c5 4. c4 e6 5. Nf3 Nc6 6. Nc3 cxd4 7. Nxd4 Nge7 8. Ndb5
Nxe5 9. Qa4 N7c6 10. cxd5 exd5 11. Bf4 Bd7 12. O-O-O a6 13. Nd4 Bd6 14. Nxc6
Bxc6 15. Qd4 f6 16. Nxd5 Bxd5 17. Qxd5 Nd3+ 18. Qxd3 Bxf4+ 19. Kb1 Qxd3+ 20.
Bxd3 O-O-O 21. Rhe1 Rhe8 22. Kc2 1/2-1/2

[Event "Lliga Catalana DH"]
[Site "?"]
[Date "2015.02.07"]
[Round "3.5"]
[White "Ayza Leon, D."]
[Black "Ryan, J."]
[Result "1-0"]
[WhiteElo "2305"]
[BlackElo "2345"]
[PlyCount "73"]
[EventDate "2015.??.??"]
[EventType "team"]

1. e4 g6 2. d4 Bg7 3. Nc3 c6 4. Nf3 d5 5. h3 Nf6 6. exd5 cxd5 7. Be3 Nc6 8. Ne5
O-O 9. Be2 Nxe5 10. dxe5 Ne4 11. Nxe4 dxe4 12. Qxd8 Rxd8 13. Bf4 Be6 14. c4
Rac8 15. b3 a5 16. O-O Rc5 17. Rad1 Rdc8 18. Be3 R5c6 19. Bd4 f5 20. f3 Bh6 21.
fxe4 fxe4 22. Rfe1 Rd8 23. Bf1 e3 24. Be2 Rd7 25. Bf3 Rc8 26. Bxe3 Rxd1 27.
Bxd1 Bxe3+ 28. Rxe3 Rd8 29. Bf3 b6 30. Kf2 Rd2+ 31. Re2 Rd1 32. Ke3 a4 33. bxa4
Bxc4 34. Rc2 Rd3+ 35. Ke4 Ba6 36. Be2 Ra3 37. Bxa6 1-0

[Event "Lliga Catalana DH"]
[Site "?"]
[Date "2015.02.07"]
[Round "3.6"]
[White "Garrido Fernandez, D."]
[Black "Capellades Subirana, M."]
[Result "0-1"]
[WhiteElo "2326"]
[BlackElo "2295"]
[PlyCount "52"]
[EventDate "2015.??.??"]
[EventType "team"]

1. e4 e5 2. Nf3 Nc6 3. Bb5 g6 4. O-O Bg7 5. c3 a6 6. Ba4 d6 7. d4 Bd7 8. Re1
Nge7 9. Be3 O-O 10. Nbd2 h6 11. Nf1 Kh7 12. dxe5 Nxe5 13. Nxe5 Bxe5 14. Bd4
Bxa4 15. Qxa4 Nc6 16. Bxe5 Nxe5 17. Qc2 Qg5 18. Re3 f5 19. Rg3 Qf4 20. exf5
Qxf5 21. Qxf5 Rxf5 22. Ne3 Rf7 23. Rd1 Raf8 24. f3 Re8 25. Kf2 Rfe7 26. Nd5
Nd3+ 0-1

[Event "Lliga Catalana DH"]
[Site "?"]
[Date "2015.02.07"]
[Round "3.7"]
[White "Garcia Ramos, D."]
[Black "Llaneza Vega, P."]
[Result "1/2-1/2"]
[WhiteElo "2260"]
[BlackElo "2296"]
[PlyCount "23"]
[EventDate "2015.??.??"]
[EventType "team"]

1. e4 c5 2. Nf3 Nc6 3. d4 cxd4 4. Nxd4 Nf6 5. Nc3 e6 6. Bg5 Qa5 7. Bxf6 gxf6 8.
Ndb5 Qb6 9. Na4 Qa5+ 10. Nac3 Qb6 11. Na4 Qa5+ 12. Nac3 1/2-1/2

[Event "Lliga Catalana DH"]
[Site "?"]
[Date "2015.02.07"]
[Round "3.8"]
[White "De la Riva Aguado, J."]
[Black "Ezquerro Luque, A."]
[Result "1/2-1/2"]
[WhiteElo "2306"]
[BlackElo "2257"]
[PlyCount "69"]
[EventDate "2015.??.??"]
[EventType "team"]

1. e4 e5 2. Nf3 Nc6 3. Bb5 a6 4. Ba4 d6 5. c3 Bd7 6. O-O g6 7. d4 Bg7 8. Be3
Nf6 9. dxe5 dxe5 10. Nbd2 O-O 11. Qe2 Qe7 12. Bb3 Na5 13. Rfd1 Nxb3 14. axb3
Ng4 15. Nf1 Nxe3 16. Nxe3 c6 17. Nc4 Be6 18. Qe3 f6 19. Rd2 Rad8 20. Rad1 Qc7
21. Rxd8 Rxd8 22. Rxd8+ Qxd8 23. Qd2 Qe7 24. Qd3 Bf8 25. Nfd2 Qc7 26. h3 Be7
27. b4 b5 28. Ne3 a5 29. bxa5 Qxa5 30. Kh2 Qa2 31. b4 Kf7 32. g4 h6 33. Kg2 Qa3
34. Qc2 Bd8 35. Qd3 1/2-1/2

[Event "Lliga Catalana DH"]
[Site "?"]
[Date "2015.02.07"]
[Round "3.9"]
[White "Gonzales Perez, JA."]
[Black "Lopez Santana, O."]
[Result "0-1"]
[WhiteElo "2200"]
[BlackElo "2252"]
[PlyCount "54"]
[EventDate "2015.??.??"]
[EventType "team"]

1. e4 e6 2. d4 d5 3. Nd2 Nc6 4. Ngf3 Nf6 5. e5 Nd7 6. c3 f6 7. exf6 Qxf6 8. Be2
Bd6 9. O-O O-O 10. Nb3 h6 11. Be3 Kh8 12. Qd2 e5 13. dxe5 Ndxe5 14. Nxe5 Nxe5
15. f4 Nc4 16. Bxc4 dxc4 17. Nd4 Bd7 18. Nf3 Bc6 19. Qd4 Bxf4 20. Qxf4 Qxf4 21.
Bxf4 Rxf4 22. Ne5 Rxf1+ 23. Rxf1 Bd5 24. Rf4 Re8 25. Nxc4 Re2 26. Kf1 Re6 27.
a3 Rf6 0-1

[Event "Lliga Catalana DH"]
[Site "?"]
[Date "2015.02.07"]
[Round "3.10"]
[White "Masip Tresserra, O."]
[Black "Subirachs Mancebo, G."]
[Result "1/2-1/2"]
[WhiteElo "2212"]
[BlackElo "2226"]
[PlyCount "29"]
[EventDate "2015.??.??"]
[EventType "team"]

1. Nf3 d5 2. g3 Nf6 3. Bg2 Bf5 4. d3 Nbd7 5. Nc3 c6 6. O-O e5 7. Nh4 Be6 8. e4
dxe4 9. dxe4 Bc5 10. Na4 Be7 11. Nf5 Bxf5 12. exf5 O-O 13. c4 Nc5 14. Nxc5 Qxd1
15. Rxd1 1/2-1/2

[Event "Lliga Catalana DH"]
[Site "?"]
[Date "2015.02.07"]
[Round "3.1"]
[White "Bachmann Schiavo, A."]
[Black "Beltran Rueda, S."]
[Result "1-0"]
[WhiteElo "2645"]
[BlackElo "2459"]
[PlyCount "47"]
[EventDate "2015.??.??"]
[EventType "team"]

1. Nf3 c5 2. e4 e6 3. c3 Nf6 4. Bd3 Nc6 5. O-O d5 6. e5 Nd7 7. Bb5 Qa5 8. Na3
Be7 9. Re1 c4 10. b4 Qc7 11. d3 cxd3 12. Bxd3 a5 13. Nb5 Qb8 14. bxa5 Rxa5 15.
a4 Nc5 16. Bc2 Bd7 17. Bg5 Bxg5 18. Nxg5 Nxe5 19. Qd4 Bxb5 20. Qxc5 h6 21. Nh3
Bd3 22. Qxa5 Bxc2 23. Qb5+ Kf8 24. Qe2 1-0

[Event "Lliga Catalana DH"]
[Site "?"]
[Date "2015.02.07"]
[Round "3.2"]
[White "Fernandez Aguado, E."]
[Black "Vocaturo, D."]
[Result "0-1"]
[WhiteElo "2388"]
[BlackElo "2585"]
[PlyCount "74"]
[EventDate "2015.??.??"]
[EventType "team"]

1. d4 Nf6 2. Nf3 g6 3. c4 Bg7 4. g3 O-O 5. Bg2 d6 6. O-O Nc6 7. d5 Na5 8. Nbd2
c5 9. e4 e5 10. a3 b6 11. b4 Nb7 12. Rb1 Bh6 13. Re1 cxb4 14. axb4 a5 15. bxa5
Nxa5 16. Nb3 Bxc1 17. Qxc1 Nd7 18. Nxa5 bxa5 19. Qa3 Qc7 20. Rec1 Nc5 21. Rb5
Re8 22. Qe3 Bd7 23. Rbb1 a4 24. Rc3 Reb8 25. Ra1 Rb2 26. h4 f6 27. h5 Bg4 28.
hxg6 hxg6 29. Nh2 Bc8 30. Bf3 Qh7 31. Bg4 Kg7 32. Qf3 f5 33. exf5 gxf5 34. Qe3
fxg4 35. Qg5+ Kf7 36. Nxg4 Bxg4 37. Qxg4 Rh8 0-1

[Event "Lliga Catalana DH"]
[Site "?"]
[Date "2015.02.07"]
[Round "3.3"]
[White "Valdes Romero, L."]
[Black "Escobar Torres, A."]
[Result "1-0"]
[WhiteElo "2472"]
[BlackElo "2261"]
[PlyCount "83"]
[EventDate "2015.??.??"]
[EventType "team"]

1. Nf3 d5 2. g3 Nf6 3. Bg2 Bf5 4. c4 c6 5. cxd5 cxd5 6. Qb3 Qc8 7. Nc3 e6 8. d3
Nc6 9. O-O Be7 10. Bf4 O-O 11. Rac1 Qd7 12. Ne5 Nxe5 13. Bxe5 Bg6 14. e4 Ng4
15. Bf4 Rac8 16. h3 Nf6 17. exd5 exd5 18. Nxd5 Nxd5 19. Qxd5 Qxd5 20. Bxd5 Bxd3
21. Bxb7 Rcd8 22. Rfd1 Bf6 23. b3 Bb2 24. Rc7 h6 25. Be3 a6 26. Rd2 Ba3 27. Bc5
Bxc5 28. Rxc5 Bb5 29. Rxd8 Rxd8 30. Rc8 Rxc8 31. Bxc8 a5 32. f4 Kf8 33. Kf2 Ke7
34. Ke3 Kd6 35. Kd4 f6 36. h4 Bc6 37. Kc4 a4 38. bxa4 Bxa4 39. Bb7 Kc7 40. Kb4
Be8 41. Bd5 Kb6 42. Bb3 1-0

[Event "Lliga Catalana DH"]
[Site "?"]
[Date "2015.02.07"]
[Round "3.4"]
[White "Maroto Borras, JL."]
[Black "Garriga Cazorla, P."]
[Result "0-1"]
[WhiteElo "2205"]
[BlackElo "2416"]
[PlyCount "58"]
[EventDate "2015.??.??"]
[EventType "team"]

1. d4 Nf6 2. g3 c5 3. d5 e6 4. Nc3 exd5 5. Nxd5 Nxd5 6. Qxd5 Nc6 7. Bg2 d6 8.
Bf4 Be6 9. Qd2 Qb6 10. Nf3 h6 11. h4 Be7 12. O-O d5 13. c3 Rd8 14. a3 Na5 15.
Qc2 Nb3 16. Rad1 a5 17. e4 O-O 18. exd5 Rxd5 19. Rxd5 Bxd5 20. Rd1 Be6 21. Ne5
Rd8 22. Rxd8+ Qxd8 23. Bxb7 c4 24. Be3 Qc7 25. Qe4 Bc5 26. Bf4 Qb6 27. Bd5
Bxf2+ 28. Kg2 Nc5 29. Nxc4 Qd8 0-1

[Event "Lliga Catalana DH"]
[Site "?"]
[Date "2015.02.07"]
[Round "3.5"]
[White "Fernandez Diaz, C."]
[Black "Draghici Flutor, G."]
[Result "1-0"]
[WhiteElo "2336"]
[BlackElo "2191"]
[PlyCount "157"]
[EventDate "2015.??.??"]
[EventType "team"]

1. d4 d5 2. c4 dxc4 3. e3 e5 4. Bxc4 exd4 5. exd4 Bd6 6. Nf3 Nf6 7. O-O O-O 8.
h3 h6 9. Nc3 a6 10. Qd3 Nc6 11. a3 Qd7 12. Bxh6 Qf5 13. Bg5 Qxd3 14. Bxd3 Nh5
15. d5 Ne5 16. Nxe5 Bxe5 17. Rfe1 Nf4 18. Bc4 Ng6 19. h4 Bd6 20. Ne4 f6 21.
Nxd6 cxd6 22. Bd2 Nxh4 23. Bb4 Nf5 24. Re4 a5 25. Bc3 Bd7 26. Rae1 b6 27. a4
Rfe8 28. Bb5 Bxb5 29. axb5 Rxe4 30. Rxe4 Kf7 31. Re6 Rd8 32. Bd2 Ne7 33. Bf4
Nxd5 34. Rxd6 Rxd6 35. Bxd6 Ke6 36. Bb8 Ne7 37. Bf4 Kd5 38. Be3 Nc8 39. b3 Ke4
40. Kh2 Kd3 41. Kg3 Kc3 42. Kf4 Kxb3 43. Kf5 Nd6+ 44. Kg6 Nc4 45. Bd4 a4 46.
Ba1 Nb2 47. Kxg7 Ka2 48. Kxf6 Kxa1 49. g4 Nd3 50. g5 Nf4 51. Kf5 Nh5 52. Kg6
Nf4+ 53. Kf5 Kb2 54. Kxf4 a3 55. g6 a2 56. g7 a1=Q 57. g8=Q Qc1+ 58. Kf3 Qh1+
59. Kf4 Qh4+ 60. Ke3 Qe7+ 61. Kf3 Qb7+ 62. Kg3 Qc7+ 63. f4 Qc3+ 64. Kg4 Qc5 65.
Qg7+ Kb3 66. Qe5 Qg1+ 67. Kf5 Qb1+ 68. Qe4 Qg1 69. Qd5+ Kb4 70. Kf6 Qa1+ 71.
Qe5 Qh1 72. f5 Qh8+ 73. Ke6 Qe8+ 74. Kd6 Qb8+ 75. Kd5 Qb7+ 76. Kd4 Qd7+ 77. Ke4
Qb7+ 78. Kf4 Qg2 79. Qe4+ 1-0

[Event "Lliga Catalana DH"]
[Site "?"]
[Date "2015.02.07"]
[Round "3.6"]
[White "Almirall Botella, J."]
[Black "Amores Gago, J."]
[Result "0-1"]
[WhiteElo "2178"]
[BlackElo "2294"]
[PlyCount "106"]
[EventDate "2015.??.??"]
[EventType "team"]

1. d4 d6 2. Nf3 Nf6 3. c4 Bg4 4. Nc3 e6 5. Bg5 Be7 6. e3 d5 7. cxd5 Nxd5 8.
Bxe7 Qxe7 9. Qb3 c6 10. Ne5 Bh5 11. Rc1 O-O 12. Na4 Qc7 13. Bd3 f6 14. Nf3 Bf7
15. O-O Nd7 16. Qc2 g6 17. a3 Rfc8 18. Qd2 Qd6 19. b4 a5 20. Nc5 b6 21. Nxd7
Qxd7 22. e4 Ne7 23. e5 f5 24. Qh6 Nd5 25. b5 Be8 26. bxc6 Qg7 27. Qxg7+ Kxg7
28. Bb5 h6 29. h3 a4 30. Rc4 Ra5 31. Rb1 Nc7 32. Rcb4 Nxb5 33. Rxb5 Rxb5 34.
Rxb5 Rxc6 35. Kh2 Kf7 36. Rb4 Rc3 37. Rxb6 Rxa3 38. Rb7+ Kf8 39. d5 Rb3 40. Ra7
exd5 41. Nd4 Rb6 42. h4 Kg8 43. h5 Rb4 44. Ne6 gxh5 45. Rg7+ Kh8 46. Re7 Rb8
47. Ra7 Bc6 48. Nd4 Ra8 49. Rc7 Be8 50. Nxf5 a3 51. Ne3 Bg6 52. Nxd5 a2 53. Nf4
Bb1 0-1

[Event "Lliga Catalana DH"]
[Site "?"]
[Date "2015.02.07"]
[Round "3.7"]
[White "Montilla Carrillo, E."]
[Black "Roca Diaz, MA."]
[Result "1-0"]
[WhiteElo "2295"]
[BlackElo "2173"]
[PlyCount "77"]
[EventDate "2015.??.??"]
[EventType "team"]

1. Nf3 d5 2. e3 c6 3. c4 Nf6 4. b3 Nbd7 5. Bb2 e6 6. Be2 Be7 7. O-O O-O 8. d3
b6 9. Nbd2 Bb7 10. a3 Nc5 11. b4 dxc4 12. Nxc4 Ncd7 13. Rc1 c5 14. b5 Nd5 15.
Qb3 Bf6 16. Nd6 Qc7 17. Nxb7 Bxb2 18. Qxb2 Qxb7 19. Nd2 a6 20. a4 axb5 21. axb5
Ra4 22. Ra1 Rb4 23. Qa3 Rxb5 24. Nc4 Rb4 25. Qa7 Qxa7 26. Rxa7 Nb8 27. g3 Nc6
28. Ra6 Nc3 29. Bf3 b5 30. Rxc6 bxc4 31. Rxc5 Nb1 32. Rd1 cxd3 33. Rxd3 g6 34.
Rc7 Rb2 35. Rdd7 Rbb8 36. Bg4 Rbc8 37. Rxf7 Rxc7 38. Rxc7 Re8 39. Rc8 1-0

[Event "Lliga Catalana DH"]
[Site "?"]
[Date "2015.02.07"]
[Round "3.8"]
[White "Gonzalez Alonso, F."]
[Black "Morros Faura, R."]
[Result "0-1"]
[WhiteElo "1979"]
[BlackElo "2289"]
[PlyCount "70"]
[EventDate "2015.??.??"]
[EventType "team"]

1. d4 f5 2. Nf3 Nf6 3. Bf4 d6 4. h3 g6 5. e3 Bg7 6. Be2 O-O 7. O-O Qe8 8. c3 h6
9. Nbd2 g5 10. Bh2 Kh8 11. Ne1 e5 12. dxe5 dxe5 13. f3 Nc6 14. Nc2 a6 15. a3
Be6 16. Nb4 Nxb4 17. axb4 Nd5 18. Kf2 f4 19. exf4 exf4 20. Qc1 Bf5 21. Re1 Ne3
22. Bd1 Qh5 23. Kg1 Bxh3 24. gxh3 Qxh3 25. Rxe3 fxe3 26. Nf1 Rae8 27. Nxe3 g4
28. Ng2 g3 29. Bxg3 Qxg3 30. Qd2 Rd8 31. Qe1 Qg5 32. Qe3 Qxe3+ 33. Nxe3 Rfe8
34. Ng2 Rd2 35. Rb1 Bxc3 0-1

[Event "Lliga Catalana DH"]
[Site "?"]
[Date "2015.02.07"]
[Round "3.9"]
[White "Bals Hernandez, J."]
[Black "Molina Wheatley, E."]
[Result "1-0"]
[WhiteElo "2264"]
[BlackElo "1938"]
[PlyCount "73"]
[EventDate "2015.??.??"]
[EventType "team"]

1. d4 d5 2. c4 c6 3. e3 Nf6 4. Nf3 a6 5. b3 Bg4 6. Bd3 e6 7. Nbd2 Bd6 8. Bb2
O-O 9. Qc2 Nbd7 10. Ne5 Bh5 11. O-O Qc7 12. f4 Bg6 13. Nxg6 hxg6 14. c5 Be7 15.
Rac1 Ng4 16. Rf3 f5 17. h3 Ngf6 18. g4 Ne4 19. g5 Kf7 20. h4 Rh8 21. Rh3 Rh7
22. Kg2 Rah8 23. Rch1 Nxd2 24. Qxd2 b5 25. cxb6 Qxb6 26. Qe2 Qa5 27. a4 Nb8 28.
h5 gxh5 29. Rxh5 Rxh5 30. Rxh5 Rxh5 31. Qxh5+ Kf8 32. Be2 Qd2 33. Bc1 Qxc1 34.
Qh8+ Kf7 35. Bh5+ g6 36. Bxg6+ Kxg6 37. Qg8+ 1-0

[Event "Lliga Catalana DH"]
[Site "?"]
[Date "2015.02.07"]
[Round "3.1"]
[White "Guerra Mendez, JA."]
[Black "Rizouk, A."]
[Result "1-0"]
[WhiteElo "2442"]
[BlackElo "2530"]
[PlyCount "76"]
[EventDate "2015.??.??"]
[EventType "team"]

1. e4 e5 2. Nf3 Nf6 3. Nxe5 d6 4. Nf3 Nxe4 5. d4 d5 6. Bd3 Nc6 7. O-O Be7 8.
Nc3 Nxc3 9. bxc3 Bg4 10. Re1 O-O 11. Bf4 Bh5 12. Rb1 Rb8 13. h3 Bg6 14. Re3 Bd6
15. Bxd6 Qxd6 16. Ne5 Bxd3 17. Qxd3 Rfe8 18. Rbe1 f6 19. Ng4 Rxe3 20. Rxe3 Rd8
21. Qe2 Qd7 22. h4 h5 23. Nxf6+ gxf6 24. Rg3+ Kh8 25. Qxh5+ Qh7 26. Qf3 Qh6 27.
Rg4 Ne7 28. Rf4 Rf8 29. h5 f5 30. g3 c6 31. Qe2 Ng8 32. Qe5+ Qg7 33. Rxf5 Rxf5
34. Qxf5 Qf6 35. Qe5 Qg7 36. Qf5 Nh6 37. Qe6 Ng4 38. Kg2 Kh7 1-0